Statistics for First and Last 25 Countries Alphabetically in Czech

Click here to take the quiz!

General Stats

  • This quiz has been taken 668 times
  • The average score is 24 of 50

Answer Stats

Answer% Correct
Zimbabwe
Zimbabwe
84%
Andorra
Andorra
81%
Albánie
Albania
77%
Zambie
Zambia
77%
Arménie
Armenia
72%
Belgie
Belgium
68%
Austrálie
Australia
66%
Ázerbájdžán
Azerbaijan
66%
Afghánistán
Afghanistan
64%
Brazílie
Brazil
64%
Angola
Angola
62%
Argentina
Argentina
62%
Alžírsko
Algeria
58%
Belize
Belize
53%
Bhútán
Bhutan
53%
Bolívie
Bolivia
52%
Antigua a Barbuda
Antigua and Barbuda
51%
Turecko
Turkey
51%
Bulharsko
Bulgaria
49%
Vatikán
Vatican City
49%
Bangladéš
Bangladesh
48%
Brunej
Brunei
48%
Turkmenistán
Turkmenistan
48%
Venezuela
Venezuela
48%
Bosna a Hercegovina
Bosnia and Herzegovina
47%
Botswana
Botswana
46%
Uzbekistán
Uzbekistan
45%
Barbados
Barbados
44%
Bělorusko
Belarus
44%
Vanuatu
Vanuatu
44%
Bahamy
Bahamas
43%
Tádžikistán
Tajikistan
43%
Bahrajn
Bahrain
42%
Vietnam
Vietnam
42%
Benin
Benin
41%
Uruguay
Uruguay
41%
Uganda
Uganda
39%
Tuvalu
Tuvalu
38%
Tanzanie
Tanzania
35%
Togo
Togo
35%
Tunisko
Tunisia
33%
Tonga
Tonga
32%
Ukrajina
Ukraine
32%
Thajsko
Thailand
28%
Trinidad a Tobago
Trinidad and Tobago
28%
Švédsko
Sweden
26%
Švýcarsko
Switzerland
26%
Východní Timor
East Timor
19%
Tchaj-wan
Taiwan
18%
Srí Lanka
Sri Lanka
13%

Score Distribution

Percentile by Number Answered

Percent of People with Each Score

Your Score History

You have not taken this quiz